000 01480nam0a2200349 4500
001 RU\NLR\bibl\1257008
005 20250615125959.0
021 _aRU
_b2008-44177
_92444
035 _a(NLR Aleph) 001243032
090 _a271040
_c271040
100 _a20080730d2007 |||y0rusy50 ca
101 0 _arus
102 _aRU
105 _ay |||||||||
200 1 _aСельское население Сибири первой половины 20-х годов XX века: социальные проблемы и противоречия
_eмонография
_fА.С. Жулаева, Г.М. Лущаева
_gФедерал. агентство по образованию, ГОУ ВПО "Сиб. гос. технол. ун-т"
210 _aКрасноярск
_cСибГТУ
_d2007
215 _a274 с.
_d21
320 _aБиблиогр.: с. 241-263 (699 назв.)
606 1 _aСельское население
_yСибирь
_z20 в.
_92529536
_3RU\NLR\auth\661498376
606 1 _aКрестьянство
_xИстория
_yСибирь
_z20 в.
_92095704
_3RU\NLR\AUTH\661268007
686 _aТ3(2Р5)7-283
686 _aС73(2Р5)7-212
700 1 _aЖулаева
_bА. С.
_gАнна Сергеевна
_4070
701 1 _aЛущаева
_bГ. М.
_4070
801 0 _aRU
_bNLR
_c20080730
_gRCR
801 1 _aRU
_bNLR
_c20080730
830 _aавт. по эк
942 _cBOOK
980 _aNB
980 _aNBR